| 000 | 00872 am a2200289ua 4500 | ||
|---|---|---|---|
| 999 |
_c5827 _d5827 |
||
| 001 | 011934755 | ||
| 003 | Uk | ||
| 005 | 20251118101352.0 | ||
| 008 | 021104r20021982enk || 000 1|eng | ||
| 020 | _a9780141010830 | ||
| 039 | 0 | _a2716 | |
| 040 |
_aStDuBDS _dUk _cKH8 |
||
| 082 | 0 | 4 |
_aFIC TOW _221 |
| 100 | 1 |
_aTownsend, Sue, _eauthor. |
|
| 245 | 1 | 4 |
_aThe secret diary of Adrian Mole aged 13 3/4 / _cSue Townsend. |
| 260 |
_aLondon : _bPenguin, _c2002, c1982. |
||
| 300 |
_a259 p. ; _c19 cm. |
||
| 336 |
_atext _2rdacontent |
||
| 337 |
_aunmediated _2rdamedia |
||
| 338 |
_avolume _2rdacarrier |
||
| 500 | _aOriginally published: London: Methuen, 1982. | ||
| 650 | 0 |
_aTeenage boys _zEngland _vFiction. |
|
| 651 | 0 |
_aGreat Britain _xSocial life and customs _y1945- _vFiction. |
|
| 655 | 0 | 7 |
_aDiary fiction. _2lcsh |
| 655 | 0 | 7 |
_aHumorous stories. _2gsafd |
| 942 |
_2ddc _cFIC |
||